[Event "Madrid-ch sf-B"]
[Site "Madrid"]
[Date "2016.03.05"]
[Round "3"]
[White "Quispe Arteaga, Gabriel"]
[Black "Cruz Gonzalez, Antonio"]
[Result "1-0"]
[WhiteElo "2059"]
[BlackElo "1709"]
[PlyCount "120"]
[EventDate "2016.03.03"]
[EventType "swiss"]
[EventRounds "9"]
[EventCountry "ESP"]
[SourceTitle "EXT 2017"]
[Source "ChessBase"]
[SourceDate "2016.10.25"]
[SourceVersion "1"]
[SourceVersionDate "2016.10.25"]
[SourceQuality "1"]

1. d4 Nf6 2. c4 g6 3. e3 b6 4. Nf3 Bb7 5. Nc3 d5 6. Bd3 Bg7 7. 0-0 0-0 8. b3 c6 9. Bb2 Nbd7 10. Qe2 Re8 11. cxd5 Nxd5 12. Nxd5 cxd5 13. Rac1 e5 14. Bb5 Re6 15. Bxd7 Qxd7 16. dxe5 h6 17. Rfd1 Rc8 18. Rc2 Rxc2 19. Qxc2 Rc6 20. Qd2 Rc8 21. Qd4 Qe6 22. h3 Rc2 23. Ne1 Rc8 24. Nd3 g5 25. Qa4 a5 26. Qd4 Rc2 27. Ne1 Rc8 28. Ba1 Re8 29. Nf3 Rc8 30. Qd3 Qg6 31. Qb5 Qc6 32. Qd3 Qg6 33. Qxg6 fxg6 34. e6 Bxa1 35. Rxa1 Kg7 36. Nd4 Kf6 37. Rb1 Rc7 38. a4 Bc8 39. b4 Rc4 40. bxa5 bxa5 41. Rb8 Ke7 42. Ra8 Bxe6 43. Rxa5 Bd7 44. Ra7 Rxa4 45. Nc6+ Kd6 46. Rxa4 Bxc6 47. Ra7 Bd7 48. Kf1 Bf5 49. Ke2 h5 50. Kd2 g4 51. hxg4 hxg4 52. Kc3 Be4 53. Kd4 Bxg2 54. Ra6+ Ke7 55. Rxg6 Bf3 56. Ke5 Kd7 57. Rd6+ Ke7 58. Rxd5 Bxd5 59. Kxd5 Kf6 60. Ke4 Kg5 1-0

[Event "Madrid-ch sf-B"]
[Site "Madrid"]
[Date "2016.03.04"]
[Round "2"]
[White "Cruz Gonzalez, Antonio"]
[Black "Aguilera Lopez, Alejandro"]
[Result "1-0"]
[WhiteElo "1709"]
[BlackElo "2044"]
[PlyCount "83"]
[EventDate "2016.03.03"]
[EventType "swiss"]
[EventRounds "9"]
[EventCountry "ESP"]
[SourceTitle "EXT 2017"]
[Source "ChessBase"]
[SourceDate "2016.10.25"]
[SourceVersion "1"]
[SourceVersionDate "2016.10.25"]
[SourceQuality "1"]

1. e4 c5 2. Nf3 e6 3. d4 cxd4 4. Nxd4 Nf6 5. Nc3 Nc6 6. Ndb5 Bb4 7. Nd6+ Ke7 8. Bf4 e5 9. Nf5+ Kf8 10. Bd2 Bxc3 11. Bxc3 Nxe4 12. Qg4 Ng5 13. h4 Ne6 14. Bc4 g6 15. Nd6 Qe7 16. 0-0-0 f5 17. Qg3 Ned4 18. Nb5 Qc5 19. Qd3 Nxb5 20. Bxb5 a6 21. Bxc6 bxc6 22. Qd6+ Qxd6 23. Rxd6 Kf7 24. Bxe5 Re8 25. Rf6+ Kg8 26. f4 Re6 27. Rxe6 dxe6 28. Rd1 Kf7 29. Rd6 Ke7 30. Rxc6 Bd7 31. Rb6 Bb5 32. Rb7+ Bd7 33. c4 a5 34. b3 a4 35. b4 Ke8 36. g3 Rc8 37. c5 h5 38. Kb2 Bc6 39. Rg7 Rd8 40. Bd6 Bd5 41. a3 Rc8 42. b5 1-0

[Event "Madrid-ch Previa-B"]
[Site "Madrid"]
[Date "2016.02.27"]
[Round "9"]
[White "Cruz Gonzalez, Antonio"]
[Black "Serrano Garcia, Vicente"]
[Result "1-0"]
[WhiteElo "1709"]
[BlackElo "1826"]
[PlyCount "73"]
[EventDate "2016.02.04"]
[EventType "swiss"]
[EventRounds "9"]
[EventCountry "ESP"]
[SourceTitle "CBM 171 Extra"]
[Source "ChessBase"]
[SourceDate "2016.04.26"]
[SourceVersion "1"]
[SourceVersionDate "2016.04.26"]
[SourceQuality "1"]

1. e4 e6 2. d4 d5 3. Nc3 Bb4 4. Nge2 dxe4 5. a3 Bxc3+ 6. Nxc3 Nf6 7. Bg5 h6 8. Bxf6 Qxf6 9. Nxe4 Qh4 10. Qd3 0-0 11. 0-0-0 b6 12. g3 Qe7 13. Bg2 Ba6 14. Qc3 c6 15. f4 Bb7 16. Nf2 Na6 17. Rhe1 c5 18. Bxb7 Qxb7 19. Re5 cxd4 20. Rxd4 Rac8 21. Qd2 Nc5 22. Kb1 a5 23. Ne4 Nxe4 24. Rdxe4 Rfd8 25. Qe2 Rd6 26. f5 Rcd8 27. fxe6 Rd1+ 28. Ka2 fxe6 29. Rxe6 Qf7 30. Rf4 Qd7 31. Rxb6 Rd2 32. Qc4+ Kh8 33. h4 Rc8 34. Qa6 Rdxc2 35. Qxa5 Rc1 36. Qb4 Qd1 37. Rf8+ 1-0

[Event "Madrid-ch Previa-B"]
[Site "Madrid"]
[Date "2016.02.12"]
[Round "4"]
[White "Camarero Izquierdo, Juan Carlos"]
[Black "Cruz Gonzalez, Antonio"]
[Result "1-0"]
[WhiteElo "1833"]
[BlackElo "1709"]
[PlyCount "59"]
[EventDate "2016.02.04"]
[EventType "swiss"]
[EventRounds "9"]
[EventCountry "ESP"]
[SourceTitle "CBM 171 Extra"]
[Source "ChessBase"]
[SourceDate "2016.04.26"]
[SourceVersion "1"]
[SourceVersionDate "2016.04.26"]
[SourceQuality "1"]

1. d4 d5 2. Nc3 Nf6 3. Bg5 Nbd7 4. f3 h6 5. Bh4 g5 6. Bg3 c6 7. Qd3 Bg7 8. e4 dxe4 9. fxe4 Nh5 10. e5 Nxg3 11. Qxg3 Nb6 12. 0-0-0 Be6 13. h4 g4 14. h5 Qd7 15. Nge2 Nd5 16. Nxd5 Qxd5 17. Nc3 Qd7 18. d5 Bf5 19. dxc6 Qc7 20. Nd5 Qa5 21. cxb7 0-0 22. bxa8Q Rxa8 23. Nxe7+ Kh7 24. Nxf5 Qxa2 25. Nxg7 Qa1+ 26. Kd2 Qxb2 27. Bd3+ Kxg7 28. Qxg4+ Kf8 29. e6 Re8 30. exf7 1-0